Представление документа в формате MARC21

Поле Инд. ПП Название Значение
Тип записи a
Библиографический уровень m
001 Контрольный номер 4b1924c2ab734b20b34c8232fc5eb8d5
005 Дата корректировки 20151215093701.5
020 a ISBN 978-5-496-01738-1
040 a Служба первич. каталог. НБ ТвГУ
080 a Индекс УДК 159.9:331(075.8)
084 a Индекс другой классификации/Индекс ББК Ю98я73-1
090 a Полочн. индекс Ю98
x Авторский знак Т 52
100 1_ a Автор Толочек Владимир Алексеевич
q Полное имя Толочек В. А.
245 10 a Заглавие Психология труда
b Продолж. заглавия для бакалавров и специалистов : для студентов вузов, обучающихся по направлению и специальностям психологии : стандарт третьего поколения
260 c Дата издания 2016
a Место издания Санкт-Петербург [и др.]
b Издательство Питер
300 a Объем 479 с.
b Иллюстрации/ тип воспроизводства табл.
440 _0 a Серия Учебное пособие
440 _0 a Серия Стандарт третьего поколения
504 a Библиография Библиогр.: с. 464-479
520 0_ a Аннотация Психология труда - одна из первых и базовых психологических дисциплин, сыгравших серьезную роль в становлении психологии как науки и прикладной отрасли. В учебном пособии отражены история дисциплины, динамика ее развития, особенности взаимодействия психологии труда с другими дисциплинами, с развивающейся социальной практикой, а также возможные перспективы дальнейшего развития. Обозначены основные контуры научной дисциплины, раскрыто содержание понятий "труд", "деятельность" и др. Также рассмотрены основные составляющие дисциплины: психология труда (в узком смысле), инженерная психология, эргономика, организационная психология, профориентация, профессиональное обучение. Обсуждаются составляющие содержания рабочих понятий психологии труда как науки - профессия, трудовой пост (специальность), рабочее место, их взаимоотношения и характеристики. Отдельные главы посвящены методологии и методам исследования. Значительное внимание уделено тактике и стратегии деятельности психолога. Обсуждается широкий круг вопросов адаптации человека к профессиональной деятельности и его становления как профессионала, раскрываются взаимосвязи изучаемых психологических феноменов, исторические тенденции изменения свойств социальных объектов и характера социального заказа, рассматриваются преобразования в организации и содержании труда человека на протяжении ХХ столетия, приводятся примеры эволюции научных парадигм, изменения отношений субъекта деятельности и организации труда. Рассматриваются ставшие актуальными вопросы профессиональной карьеры, подбора, отбора, профессионального обучения и переобучения, аттестации кадров. Учебное пособие предназначено студентам, обучающимся по специальностям "Психология труда", "Организационная психология", "Психология управления", "Психология служебной деятельности", а также будет полезно аспирантам, преподавателям, слушателям факультетов переподготовки, специалистам в области социологии труда, управления и развития персонала организаций.
653 0_ a Ключевые слова Деятельность
a Ключевые слова Профессиональная деятельность
a Ключевые слова Психология деятельности
a Ключевые слова Психология профессиональной деятельности
a Ключевые слова Психология труда
a Ключевые слова Учебники для вузов
901 t Тип документа m
910 a гриф есть**
920 a Оператор Семен
a Оператор Рунт
a Оператор Густ
a Оператор Стро
930 a Новая/Ретро новая
952 c Вид литературы К ру
954 b Дата поступления в ОК 20151211
a Дата поступления на обработку 20151214
c Дата окончания ОНО 20151215